000 00443nam a2200181Ia 4500
001 3676
005 20260306145701.0
008 260306t1994||||xx |||||||||||||| ||spa||
041 _aESP
082 _a301.35098561
_bL45
100 _aLeón Caparó, Raúl
_eAUT
245 0 _aRacionalidad andina en el uso del espacio
260 _c1994
300 _a378 páginas :
_c20 cm.
650 _aGEN
654 _aCHU
942 _cLIB
_dJUS
_fJUS
_2ddc
_n
999 _c3676
_d3676